| 000 | 00954cab a2200241 4500 | ||
|---|---|---|---|
| 001 | X3067 | ||
| 008 | 090401t1996 xxu||||| |||| 00| 0 eng d | ||
| 035 | _a(Sirsi) u28315 | ||
| 041 | _aeng | ||
| 245 | _aHemingway Securities Ltd v Dunraven Ltd and another | ||
| 260 | _c1996 | ||
| 350 | _a0 | ||
| 490 |
_aProperty and Compensation Reports _v1996 71 P&CR 30-33(4) |
||
| 520 | _aChD 16 August 1994. Assignment by lessee in breach of covenant. Application for mandatory injunctionn requiring surrender of sub-lease. Whether covenant against alientation capable of running with the land under Tulk & Moxhay. Whether mandatory injunctions should be granted.. (Headnote from abstract) (See also Abs52548). | ||
| 650 | _aASSIGNMENT | ||
| 650 | _aBREACH OF CONTRACT | ||
| 650 | _aLEASES | ||
| 650 | _aRESTRICTIVE COVENANTS | ||
| 650 | _aSUBLEASES | ||
| 690 | _aLANDLORD AND TENANT-CASE LAW-BUSINESS TENANCIES | ||
| 942 | _n0 | ||
| 948 | _c04/03/1997 | ||
| 999 |
_c19081 _d19081 |
||